| 000 | 00806nam a2200229 i 4500 | ||
|---|---|---|---|
| 001 | 76021 | ||
| 003 | ES-MaACL | ||
| 005 | 20251012173953.0 | ||
| 007 | t| | ||
| 008 | 040928s1948 sp ||||1| spa d | ||
| 100 | 1 |
_aGuardini, Romano. _960319 |
|
| 245 | 1 | 3 |
_aEl mesianismo en el mito, la revelación y la política / _cRomano Guardini ; prólogo de Alvaro d'Ors ; [traducción de Valentín García Yebra]. |
| 260 |
_aMadrid : _b[Rialp, _c1948] ( _fEspaña) |
||
| 300 |
_a161 p. ; _c19 cm. |
||
| 490 | 1 | _aBiblioteca pensamiento actual | |
| 650 | 4 |
_aMesianismo. _9164948 |
|
| 700 | 1 |
_aOrs, Álvaro d', _d1915-2004 _9139081 |
|
| 700 | 1 |
_aGarcía Yebra, Valentín, _d1917-2010 _955453 |
|
| 830 | 0 |
_aBiblioteca pensamiento actual _9181790 |
|
| 852 |
_aES-MaACL _jC-4678 |
||
| 999 |
_c76021 _d76021 |
||